| 000 | 00374cam a2200145ua 4500 | ||
|---|---|---|---|
| 041 |
_aeng _h |
||
| 082 |
_a500.2 _bWHI/SC |
||
| 100 | _aWhitehead, Alfred North . | ||
| 245 |
_aScience and the modern world / _cAlfred North Whitehead. _hTextual Documents |
||
| 260 |
_aChennai : _bMcMillan and company. |
||
| 300 | _a191 ; . | ||
| 504 | _a | ||
| 942 | _cBK | ||
| 999 |
_c290 _d290 |
||